Southville International School and Colleges
Your cart is empty.
  • Cart
  • Lists
    Public lists list_1 View all
    Your lists Log in to create your own lists
  • Log in to your account
  • Your cookies
  • Search history
Southville International School and Colleges
  • Advanced search
  • Recent comments
  • Most popular
  • Libraries

Log in to your account

Log in with GOOGLE


If you do not have an external account, but do have a local account, you can still log in:

  1. Home
  2. MARC view: Networked Cultural Diffusion and Creation on YouTube: An Analysis of YouTube Memes
Normal view MARC view ISBD view

Networked Cultural Diffusion and Creation on YouTube: An Analysis of YouTube Memes (Record no. 316246)

[ view plain ]
MARC details
000 -LEADER
fixed length control field 00524nam a2200157Ia 4500
008 - FIXED-LENGTH DATA ELEMENTS--GENERAL INFORMATION
fixed length control field 170224s9999 xx 000 0 und d
100 ## - MAIN ENTRY--PERSONAL NAME
Personal name Weiai Wayne Xu
245 ## - TITLE STATEMENT
Title Networked Cultural Diffusion and Creation on YouTube: An Analysis of YouTube Memes
245 ## - TITLE STATEMENT
Statement of responsibility, etc Weiai Wayne Xu, Ji Young Park, Ji Young Kim & Han Woo Park
260 ## - PUBLICATION, DISTRIBUTION, ETC. (IMPRINT)
Name of publisher, distributor, etc Journal of Broadcasting & Electronic Media
260 ## - PUBLICATION, DISTRIBUTION, ETC. (IMPRINT)
Date of publication, distribution, etc March
300 ## - PHYSICAL DESCRIPTION
Extent 60:1, Pages: 104-122
500 ## - GENERAL NOTE
General note March
650 ## - SUBJECT ADDED ENTRY--TOPICAL TERM
General subdivision Communication Arts
650 ## - SUBJECT ADDED ENTRY--TOPICAL TERM
General subdivision Multimedia Arts
Holdings
Withdrawn status Lost status Damaged status Home library Current library Date acquired Total Checkouts Date last seen Price effective from Koha item type
      College Library College Library 02/24/2017   02/24/2017 02/24/2017 Periodicals

Networked Cultural Diffusion and Creation on YouTube: An Analysis of YouTube Memes

APA

Weiai Wayne Xu, .Networked Cultural Diffusion and Creation on YouTube: An Analysis of YouTube Memes. : Journal of Broadcasting & Electronic Media.

Chicago

Weiai Wayne Xu, .Networked Cultural Diffusion and Creation on YouTube: An Analysis of YouTube Memes. : Journal of Broadcasting & Electronic Media.

Harvard

Weiai Wayne Xu, .Networked Cultural Diffusion and Creation on YouTube: An Analysis of YouTube Memes. : Journal of Broadcasting & Electronic Media.

MLA

Weiai Wayne Xu, .: Journal of Broadcasting & Electronic Media. .

  • Place hold
  • Print
  • Cite
  • Add to your cart (remove)
  • Save record
    BIBTEX Dublin Core MARCXML MARC (non-Unicode/MARC-8) MARC (Unicode/UTF-8) MARC (Unicode/UTF-8, Standard) MODS (XML) RIS
  • More searches
    Search for this title in:
    Other Libraries (WorldCat) Other Databases (Google Scholar) Online Stores (Bookfinder.com) Open Library (openlibrary.org)

Exporting to Dublin Core...

SOUTHVILLE LIBRARY

Southville International School and Colleges Library

1281 Tropical Ave. Cor. Luxembourg St., BF Homes International, Las Pinas City

Tel. No. 8256374 / 252358 Loc. 117/146

Powered by Koha